1531 1955 1411 1851 1764 1192 1172 1567 1716 1382 1941 1339 1321 1332 1005 1913 1108 1362 1434 1647 1521 1883 1137 1584 1185 1049 1380 1366 1318 1396 1404 1860 1175 1031 1435 1808 1518 1650 1140 1509 1200 1451 1947 1282 1516 1588 1988 1432 1669 1772 1142 1059 1270 1315 1943 1736 1382 1723 1004 1594 1684 1440 1629 1834 1336 1402 1185 1139 1171 1866 1279 1256 1788 1991 1985 1312 1766 1339 1624 1693 1778 1440 1557 1418 1034 1842 1885 1975 1077 1464 1548 1731 1528 1708 1242 1113 1496 1983 1132 BCNSPRNW ULIB Ver.6.0+V

เปลี่ยนเป็นภาษาไทย

Change to English
 แสดงรายละเอียดบรรณานุกรม
  กลับหน้าหลัก

Brief Record : Get Marc (ISO 2709) : E-mail record : QR code < ปิดหน้าต่าง
LEADER : 00000nam 2200000uu 4500
001    13399128007
003     ULIB
008    020711s2563 th a 000 0 tha d
020    ^a9786161143275
060    ^aWY18.8^bพ53ค
100    ^aเพ็ญจมาศ คำธนะ และคณะ
245    ^aคู่มือการใช้รูปแบบการจัดการศึกษาบูรณาการเชิงสร้างสรรค์เพื่อเสริมสร้างอัตลักษณ์บริการด้วยหัวใจความเป็นมนุษย์ของนักศึกษาพยาบาล วิทยาลัยพยาบาลบรมราชชนนี ราชบุรี
250    ^aพิมพ์ครั้งที่ 1
260    ^aกรุงเทพฯ :^bจรัลสนิทวงศ์การพิมพ์,^c2563
300    ^a130 หน้า;^b26 ซม.
650    ^aพยาบาล^xการศึกษา
945    ^p0^l0^i008604
999    ^aประนอม เกษจรัล
รายการนี้ยังไม่มีแท็ก
คุณยังไม่ได้ล็อกอิน คุณสามารถมีกิจกรรมร่วมกับเว็บไซต์ได้ แต่ต้องล็อกอินก่อน ::
  ล็อกอิน

รายการสื่อสารสนเทศ

ลำดับที่ ประเภท เลขเรียก/บาร์โค้ด สถานที่ สถานะ
1. Book การพยาบาล
หนังสือสำรอง
สถานะ=หนังสือสำรอง
WY18.8 พ53ค ฉ.1 
  Barcode: 008604
ห้องสมุดวิทยาเขตสวรรค์ประชารักษ์
►หนังสือทั่วไป
บนชั้น

รายการใกล้เคียง
    ผู้แต่ง [เพ็ญจมาศ คำธนะ และคณะ]

BibComment


ยังไม่เคยถูกคอมเมนท์

คอมเมนท์ทรัพยากรรายการนี้
  คอมเมนท์: คู่มือการใช้รูปแ..


 Copyright 2026. Bcnsprnw @Library